Générateur de puzzle - Littérature - Statistiques

Statistiques générales
  • Ce quiz a été pris 11 356 fois
  • Le résultat moyen est 8 sur 21
Statistiques - réponses
Hint Réponses % Correct
Gandalf et Harry Potter en font Magie
89%
Prénom de l'auteur du Petit Prince Antoine
77%
Adaptation audiovisuelle de manga Animé
70%
Gargantua en est un Géant
62%
Dernière lettre de l'alphabet grec Omega
55%
"Des sources" chez Pagnol, "Lescaut" chez l'abbé Prévost Manon
54%
Chez Tolkien, la Moria est une ville légendaire de ce peuple Nain
48%
Commandant du Nautilus de Jules Verne Nemo
45%
Il est moqueur dans Hunger Games Geai
44%
Pièce de Sophocle narrant l'histoire de la fille d'Œdipe réécrite par Anouilh Antigone
42%
Esmeralda chez Hugo, Preciosa chez Cervantes et Carmen chez Mérimée Gitane
39%
Super-vilain des comics X-Men Magnéto
36%
Gregor Clegane dans Le Trône de fer de R.R. Martin Montagne
33%
L'Être et le _____ - Jean-Paul Sartre Néant
31%
Ligne de fortification théâtre de romans de Gracq et de Lemaître Maginot
24%
Ville de Côte d'Azur chère à Jean Cocteau Menton
23%
Montaigne
21%
Prodigieuse chez Ferrante Amie
20%
Prénom du prix Nobel de littérature 2022 Annie
16%
Prof de sport du Petit Spirou au nom un peu fumeux Mégot
11%
Spécialiste de l'autofiction autrice de L'Inceste Angot
7%
Aucun quiz correspondant
Distribution des résultats
% des personnes avec chaque résultat
Percentile par nombre de réponses
Votre historique - résultats
Vous n’avez pas pris ce quiz